000 00605nam a2200193 i 4500
001 44783
003 ES-MaACL
005 20230906161107.0
007 t|
008 030324m19761979sp ||||1| spa d
245 0 0 _aCódigo de las leyes administrativas /
_cEduardo García de Enterría, José A. Escalante.
250 _a4ª ed.
260 _aMadrid :
_bCivitas,
_c1976-1979.
300 _a2 v. ;
_c25 cm.
500 _aEl v. 2 es Anexo cerrado febrero de 1979.
700 1 _aGarcía de Enterría, Eduardo.
_954425
700 1 _aEscalante, José A.
_947466
852 _aES-MaACL
_jL-1776-77
_bR.102759
999 _c44783
_d44783